| 000 | 00814nam a22002417a 4500 | ||
|---|---|---|---|
| 999 |
_c16010 _d16010 |
||
| 003 | AR-CdUCM | ||
| 008 | 190430b ||||| |||| 00| 0 spa d | ||
| 040 |
_aMUNICIPALIDAD PROVINCIAL DEL CUSCO _cBIBLIOTECA MUNICIPAL DEL CUSCO |
||
| 041 | _heng | ||
| 082 |
_a818.5 / _bC27 |
||
| 100 |
_aCarroll, Gladys Hasty _935274 |
||
| 245 | _aMientras la tierra gira / | ||
| 260 |
_aMéxico, D.F : _bHermes, _c1956 |
||
| 300 |
_a342 páginas ; _c18 cm. |
||
| 505 | _aContenido: Novela de la vida rural en la zona agrícola de Nueva Inglaterra. | ||
| 650 |
_aNovelas estadounidenses _9734 |
||
| 650 |
_aNovelas de costumbres _9168 |
||
| 650 |
_aEstados Unidos _91805 |
||
| 650 |
_aSiglo XX. _98 |
||
| 700 |
_aMercader de Sánchez Albornoz, Marta (traducción) _935275 |
||
| 942 |
_2ddc _cLIBROS |
||
| 945 |
_aacv _d2019-04-30 |
||